कान्हा बैरी भयो ! / (Record no. 112244)

MARC details
000 -LEADER
fixed length control field 01095nam a22002537a 4500
005 - DATE AND TIME OF LATEST TRANSACTION
control field 20170124102936.0
010 ## - LIBRARY OF CONGRESS CONTROL NUMBER
LC control number A-573870
020 ## - INTERNATIONAL STANDARD BOOK NUMBER
Terms of availability 40.00
International Standard Book Number 8171660169
035 ## - SYSTEM CONTROL NUMBER
System control number A-573870
037 ## - SOURCE OF ACQUISITION
Source of stock number/acquisition Cen Lib/Ret
040 ## - CATALOGING SOURCE
Original cataloging agency DPL
Language of cataloging HN
082 ## - DEWEY DECIMAL CLASSIFICATION NUMBER
Classification number 827
Item number वर्मादे
100 ## - MAIN ENTRY--PERSONAL NAME
Personal name वर्मा, देवेन्द्र
9 (RLIN) 46508
245 ## - TITLE STATEMENT
Title कान्हा बैरी भयो ! /
Statement of responsibility, etc देवेन्द्र वर्मा
246 ## - VARYING FORM OF TITLE
Title proper/short title Kanha bairi bhayo ! /
Remainder of title by Devendra Varma
260 ## - PUBLICATION, DISTRIBUTION, ETC. (IMPRINT)
Place of publication, distribution, etc दिल्ली
Name of publisher, distributor, etc आरo केo बुक्स
Date of publication, distribution, etc 1992
270 ## - ADDRESS
City दिल्ली
Address 1539, गली रामकृष्ण मार्किट, गाँधी नगर
Postal code 110031
300 ## - PHYSICAL DESCRIPTION
Extent 127पृ.
Dimensions 16सेमी(सजिल्द)
650 ## - SUBJECT ADDED ENTRY--TOPICAL TERM
Topical term or geographic name as entry element हिन्दी साहित्य
9 (RLIN) 46509
650 ## - SUBJECT ADDED ENTRY--TOPICAL TERM
Topical term or geographic name as entry element हिन्दी साहित्य -- कहानियां
9 (RLIN) 46510
650 ## - SUBJECT ADDED ENTRY--TOPICAL TERM
Topical term or geographic name as entry element Hindi literature
9 (RLIN) 46511
650 ## - SUBJECT ADDED ENTRY--TOPICAL TERM
Topical term or geographic name as entry element Hindi literature -- Stories
9 (RLIN) 46512
942 ## - ADDED ENTRY ELEMENTS (KOHA)
Source of classification or shelving scheme Dewey Decimal Classification
Koha item type Hindi Books
Classification part 827
Call number suffix वर्मादे
Holdings
Withdrawn status Lost status Damaged status Not for loan Home library Current library Date acquired Source of acquisition Cost, normal purchase price Total Checkouts Full call number Barcode Date last seen Copy number Cost, replacement price Price effective from Koha item type
        Central Library Central Library 07/08/2015 Cen Lib/Ret 40.00   827 वर्मादे A-573870 07/08/2015 1 40.00 07/08/2015 Hindi Books

© Delhi Public Library
Hit Counter
free hit counter